Quizzes
Events
Quiz Creation
Community
Videos
Private Events
Remove Ads
Sign In
Join for FREE
Feedback
Dark Mode
Quiz Categories
Sports
Geography
Music
Movies
Television
Just For Fun
Miscellaneous
History
Literature
Language
Science
Gaming
Entertainment
Religion
Holiday
For Kids
Quiz Lab
Recent
Popular Today
Quiz Kudos Today
Editor Picks
Curator Picks
Quizzes by...
Day
Popularity
Type
Ratings
Length
Year
Community
Subscriptions
Recent Discussions
Orange Saloon
Badges
Playlists
Quests
Create
Leaderboards
Showdown
Live 5
Trivia Bingo
Activity
Puzzle Library
Sporcle Events
Private Events
Virtual Trivia
Globe League
Become a Host
Pub Owners
SporcleCon
Opinionation
Our Games
Videos
Blog
Mobile Apps
Partnerships
Remove Ads and Go Orange
Feedback
Geography
Country
Landmarks
City
State
Population
World
Capital
Continent
Flags
Europe
Africa
Asia
South America
North America
Oceania
Border
Canada
United Kingdom
Topography
United States
Geography
Country
Landmarks
City
State
Population
World
Capital
Continent
Flags
Europe
Africa
Asia
South America
North America
Oceania
Border
Canada
United Kingdom
Topography
United States
Random Quiz
Search Sporcle
×
Curator Pick
Curator Pick
Geography
Clickable
Select answers by clicking on text or image buttons
Select answers by clicking on text or image buttons
Clickable
Best Score? Go Orange.
Quick Pick: Most Populous Countries Stats
Can you pick the 15 most populous world countries while avoiding the decoys?
By
metakoopa99
60s
15 Questions
194 Plays
194 Plays
194 Plays
Comments
Comments
Give Quiz Kudos
Give Quiz Kudos
-
- Ratings
hide this ad
Replay
Link that replays current quiz
Next Quiz
Link to next quiz in quiz playlist
You Got
0%
They Got
Avg Score
80%
Avg Friend Score
Upgrade to see
Score Distribution
Jump to the score distribution portion of the page
Score
0/15
Timer
01:00
0
Plays Today
% Correct
China
97.9%
United States
95.9%
Brazil
94.3%
India
93.8%
Indonesia
93.3%
Pakistan
86.6%
Bangladesh
85.6%
Russia
85.6%
% Correct
Mexico
85.6%
Japan
82.5%
Nigeria
80.9%
Philippines
70.6%
Ethiopia
64.4%
Egypt
49.5%
Vietnam
45.9%
Quiz Playlist
Details
Report
Send in Message
Add To Playlist
Clickable:
Select answers by clicking on text or image buttons
Last Updated: Feb 16, 2017
Curator Pick in
Quick Pick
Quiz Scoreboard
CHALLENGE
Sign Up to Join the Scoreboard
Show All
Scores
Hide
Comments
May contain spoilers
Recently Published
Presidents Visiting Landmarks
by Hejman
History
7m
An Introduction to Baseball
by treessimontrees
Sports
5m
Movies - When Are They Set?
by FPL_Elf
Movies
5m
More to Explore
Quiz From the Vault
Featured Blog Post
Where Did the Easter Bunny Come From?
hide this ad
You Might Also Like...
Tags
Clickable Quiz
Country Quiz
Population Quiz
Quick Pick Quiz
Highest Population
Quick
Top 15
Today's Top Quizzes in Geography
Browse Geography
hide this ad
Today's Top Quizzes in Clickable
Browse Clickable
Top Contributed Quizzes in Geography
1
Countries of the World - No Outlines Minefield
2
Top 25 Cities of France on a map
3
Any capital of a 'B' country per Continent
4
Closest Countries to UK A-Z
5
Any capital of a 'C' country per Continent
6
One Thing in Common: United Kingdom
7
Any capital of a 'D' country per Continent
8
Find the Provinces of Canada - No Outlines Minefield
9
5-to-1: US Geography No Hints
10
Any capital of an 'E' country per Continent
Explore More
Trending Topics
Disney
NBA
Marvel
Crossword
Harry Potter
Kpop
Anime
The Office
Soccer
Pokémon
Puzzle
Country
Song
WWE
NFL
hide this ad
More By:
metakoopa99
Quiz
Plays
Rating
Category
Featured
Created
10 to 1: Classic Rock Songs
278,430
4.55
Music
Feb 15, 2016
10 to 1: Classic Rock Songs II
206,146
4.66
Music
Feb 15, 2016
10 to 1: Classic Rock Songs III
137,216
4.55
Music
Aug 29, 2016
Subcategory Multiple Choice: Sports
128,585
4.10
Sports
Sep 4, 2016
10 to 1: Classic Rock Songs IV
126,068
4.57
Music
Sep 25, 2016
Go to Creator's Profile
Score Distribution
Quiz Creator Spotlight
metakoopa99
Follow
Send a Message
Quizzes Created
-
Created Quiz Play Count
-
More By This Creator
Popular Quizzes Today
1
Find the US States - No Outlines Minefield
2
Find the Countries of Europe - No Outlines Minefield
3
The Countries of the World
4
Find the US States
5
Popular People in 1961
6
US States
7
Risky Map Clicking: Biggest States A-Z
8
Movies - When Are They Set?
More Geography Quizzes
US States by Phonetic Name
Published
Trending Quizzes
Risky Map Clicking: Least Populous States A-Z
1-10 Letter G Words
1-10 Letter F Words
Risky Map Clicking: Next State Alphabetically
Risky Map Clicking: Biggest States A-Z
Recently Updated
Leaping Animals
pecheneg
Reality TV Shows (A-Z)
bhenderson79
Rickey Henderson's Hall of Fame Teammates
pecheneg
Champions League XIs: Arsenal
pecheneg
Quick Pick: Celebrities in WWE's Hall of Fame
aduchscher
A-Z Keypad Blitz II
pecheneg
Multiple Oscar Actors
pecheneg
Mystery Phrase Blitz: Oscar 'Best Actors'
pecheneg
F. Scott Fitzgerald Novels
LTH
Pick 3 Villains
ddd62291
Trending Topics
Anime
Kpop
NBA
Marvel
Disney
Harry Potter
Crossword
NFL
Soccer
The Office
Country
WWE
Puzzle
Pokémon
Song
Your Account Isn't Verified!
In order to create a playlist on Sporcle, you need to verify the email address you used during registration. Go to your
Sporcle Settings
to finish the process.
Report this User
Report this user for behavior that violates our
Community Guidelines
.
Details:
Send Report
Go to the Sporcle.com Mobile Site →
Comments